000 00715nam a22001937a 4500
005 20251108171823.0
008 250721s1993 xx 000 0 ara d
082 1 4 _a412.3/سلا
100 1 _aإبن سلام، أبو عبيد القاسم بن سلام ...
245 1 0 _aكتاب الأجناس من كلام العرب و ما أشتبه في اللفظ و أختلف في المعنى /
264 1 _aالقاهرة :
_bدار الولاء للطبع و التوزيع،
_c1993.
300 _a105ص
650 1 7 _aاللغة العربية
650 1 7 _aقواعد اللغة
650 1 7 _aالألفاظ
700 1 _aالهابط، فوزي يوسف
_eتحقيق
942 _2ddc
_cBK
999 _c63457
_d63457